| 000 | 00682nam a2200229 4500 | ||
|---|---|---|---|
| 003 | OSt | ||
| 005 | 20240611054520.0 | ||
| 006 | a | ||
| 008 | 240611b |||||||| |||| 00| 0 eng d | ||
| 020 | _a9789814253468 | ||
| 040 |
_aDWCL-Main lib. _cOC |
||
| 082 |
_2enhanced edition _aCirc. 006.7 S562m 2011 |
||
| 100 | _aShuman, Jim | ||
| 245 | _aMultimedia concepts / | ||
| 250 | _aenhanced edition | ||
| 260 |
_aSingapore : _bCengage Learning Asia, _cc2011. |
||
| 300 |
_axvi, _b230 p. : ill. ; _c 26 cm. |
||
| 504 | _aPhilippine edition. Includes glossary & index. | ||
| 650 | _a1. Multimedia systems. | ||
| 700 | _aJim Shuman | ||
| 942 |
_2ddc _n0 _cBK-CIRC _eenhanced edition _kCirc. |
||
| 999 |
_c531 _d531 |
||